Motor neuron disorders and related diseases /

Bibliographic Details
Other Authors: Eisen, Andrew, 1936- (Editor), Shaw, Pamela J. (Editor)
Format: eBook
Language:English
Published: Amsterdam : New York : North-Holland Pub. Co. ; Wiley Interscience Division, John Wiley, 2007.
Series:Handbook of clinical neurology ; 82.
Subjects:
Online Access:Connect to the full text of this electronic book

MARC

Tag First Indicator Second Indicator Subfields
LEADER 00000cam a2200000Ia 4500
001 in00002425962
005 20190327171446.0
006 m d
007 cr cn|||||||||
008 070806s2007 ne a ob 001 0 eng d
020 |a 9780444518941 
020 |a 0444518940 
029 1 |a NZ1  |b 11778529 
035 |a (OCoLC)ocn162586704 
035 |a (OCoLC)162586704 
037 |a 112870:112959  |b Elsevier Science & Technology 
040 |a OPELS  |b eng  |c OPELS  |d OPELS  |d OCLCQ  |d UtOrBLW 
049 |a TXAM 
050 4 |a RC332  |b .H3eb 
060 4 |a WL 100  |b H236 
082 0 4 |a 616.8  |2 22 
245 0 0 |a Motor neuron disorders and related diseases /  |c edited by Andrew A. Eisen and Pamela J. Shaw. 
264 1 |a Amsterdam :  |b North-Holland Pub. Co. ;  |a New York :  |b Wiley Interscience Division, John Wiley,  |c 2007. 
300 |a 1 online resource :  |b illustrations 
336 |a text  |b txt  |2 rdacontent 
337 |a computer  |b c  |2 rdamedia 
338 |a online resource  |b cr  |2 rdacarrier 
490 1 |a Handbook of clinical neurology ;  |v 82 
504 |a Includes bibliographical references and indexes. 
588 |a Description based on print version record. 
500 |a Electronic resource. 
650 0 |a Motor neurons  |x Diseases. 
650 0 |a Neurology. 
650 2 |a Nervous System Diseases. 
655 4 |a Electronic books. 
700 1 |a Eisen, Andrew,  |d 1936-  |e editor. 
700 1 |a Shaw, Pamela J.,  |e editor. 
776 0 8 |i Print version:  |z 0720472008  |z 9780720472004  |w (DLC) 68008297  |w (OCoLC)10167 
830 0 |a Handbook of clinical neurology ;  |v 82. 
856 4 0 |u http://proxy.library.tamu.edu/login?url=http://www.sciencedirect.com/science/publication?issn=00729752&volume=82  |z Connect to the full text of this electronic book  |t 0 
994 |a C0  |b TXA 
999 |a MARS 
999 f f |s 8fccfe7c-eb55-3f39-afeb-1cabfd063359  |i 7208759e-75d3-33fb-bf91-b35562ffccd0  |t 0 
952 f f |a Texas A&M University  |b College Station  |c Electronic Resources  |d Available Online  |t 0  |e RC332 .H3eb  |h Library of Congress classification 
998 f f |a RC332 .H3eb  |t 0  |l Available Online